Amérindiens et inuit du Québec /
में बचाया:
| मुख्य लेखक: | |
|---|---|
| स्वरूप: | पुस्तक |
| भाषा: | फ़्रेंच |
| प्रकाशित: |
Quebec, Canadá :
Sylvain Harvey,
2003, c2003
|
| श्रृंखला: | (Vamos a Ver ;
2) |
| विषय: | |
| टैग: |
कोई टैग नहीं, इस रिकॉर्ड को टैग करने वाले पहले व्यक्ति बनें!
|
MARC
| LEADER | 00000nam^a2200000^a^4500 | ||
|---|---|---|---|
| 001 | 000165208 | ||
| 005 | 20250521000000.0 | ||
| 009 | 20260310101011.333 | ||
| 020 | |a 2-921703-46-7 | ||
| 037 | |a Acervo ITESO - Biblioteca | ||
| 041 | |a FRA | ||
| 082 | |a 917. 104 |b VAM V. 2 | ||
| 100 | |a Harvey, Sylvain |e (ed.) | ||
| 245 | 1 | 0 | |a Amérindiens et inuit du Québec / |c Ed. de S. Harvey. |
| 264 | 4 | |a Quebec, Canadá : |b Sylvain Harvey, |c 2003, c2003 | |
| 300 | |a 58 p. | ||
| 336 | |a texto |b txt |2 rdacontenido | ||
| 337 | |a sin mediación |b n |2 rdamedio | ||
| 338 | |a volumen |b nc |2 rdasoporte | ||
| 440 | 1 | |a (Vamos a Ver ; |v 2) | |
| 649 | |a XX | ||
| 650 | |a Indígenas de América del Norte - |z Canadá - |x Condiciones Sociales y Culturales | ||
| 650 | |a Prácticas Culturales - |z Quebec, Canadá | ||
| 650 | |a Prácticas Culturales - |z Canadá | ||
| 650 | |a Prácticas Culturales - |z Quebec, Canadá | ||
| 650 | |a Prácticas Culturales - |z Canadá | ||
| 650 | |a Guías Turísticas | ||
| 650 | |a Turismo - |z Quebec, Canadá | ||
| 650 | |a Turismo - |z Canadá | ||
| 650 | |a Quebec, Canadá - |x Descripción - |x Guías Turísticas | ||
| 650 | |a Canadá - |x Descripción - |x Guías Turísticas | ||
| 910 | |a Fondo General | ||
| 920 | |a Impresos - Libros | ||
| 930 | |a Colección General | ||
| 905 | |a 101 | ||
| 901 | |a 0500099524 |b IT1 |c ACC |u 20250521 | ||
| 902 | |a https://opac.biblio.iteso.mx/vufind/Record/000165208 | ||